Statistics for 1M+ Cities In Russia 2023

Click here to take the quiz!

General Stats

  • This quiz has been taken 17 times
  • The average score is 14 of 16

Answer Stats

#PopulationCity In Russia% Correct
71.46 mio peopleChelyabinsk
100%
61.57 mio peopleKazan
100%
118.8 mio peopleMoscow
100%
51.66 mio peopleNizhny Novgorod
100%
31.84 mio peopleNovosibirsk
100%
131.16 mio peopleOmsk
100%
81.40 mio peopleRostov-On-Don
100%
26.40 mio peopleSaint Petersburg
100%
91.37 mio peopleSamara
100%
41.74 mio peopleYekaterinburg
100%
151.09 mio peoplePerm
67%
121.20 mio peopleSaratov
67%
111.22 mio peopleUfa
67%
151.09 mio peopleVolgograd
67%
131.16 mio peopleVoronezh
67%
101.27 mio peopleKrasnoyarsk
33%

Score Distribution

Percentile by Number Answered

Percent of People with Each Score

Your Score History

You have not taken this quiz